000 01120nam a22003137a 4500
001 6956
003 FISKH
005 20250611153520.0
008 250611b cb ||||| |||| 00| 0 eng d
020 _a9780439399784
040 _aDLC
_cDLC
_dDLC
_beng
050 _aPZ7.R982 T
082 _a 808.068
100 1 _aRylant, Cynthia.
_d(1954-)
245 1 0 _aTulip sees America /
_cby Cynthia Rylant ; illustrations by Lisa Desimini.
250 _aThis edition first published in 2002
260 _aNew York :
_bScholastic,
_c1998.
300 _a27 unnumbered pages :
_bcolor illustrations ;
_c23 cm
505 _aN
520 _aA young man and his dog drive west from Ohio and marvel at the farms of Iowa, the skies of Nebraska, the wind in Wyoming, the mountains of Colorado, the desert in Nevada, and the ocean in Oregon.
521 8 _a530
_bLexile
521 8 _aN
_bRaz-Plus
650 1 _aVoyages and travels
_xFiction.
650 1 _aDogs
_xFiction.
651 1 _aUnited States
_xDescription and travel
_xFiction.
700 1 _aDesimini, Lisa,
_eillustrator
942 _2ddc
_cBK
_n0
999 _c6956
_d6956